000 00337 a2200121 4500
000 nam a22 7a 4500
005 20260206110410.0
020 _a9789348650559
100 _aEd. Gajendra Pathak
_91114096
245 _aBritish Upniveshvad aur Bhartiya Pratirodh-4 : Jai Hind
260 _bNayee Kitab Prakashan
_c2025
942 _cTEXL
999 _c1678768
_d1678768